000 00726nam a2200253#a 4500
001 00604
003 HDC
007 ta
008 230623s2009 xx 000 0 eng d
020 _a9780071621267 (hbk.).
040 _aHDC
050 _aHD 30.27
_b.S56 2009
100 _aRamo, Simon
245 0 _aStrategic business forecasting :
_ba structured approach to shaping the future of your business /
_cSimon Ramo nad Ronald Sugar
264 _aNew York :
_bMcGraw Hill,
_c2009
300 _avi,228p. ;
_c 23cm
500 _aIncludes bibliographical references and index.
650 _aBusiness forecasting.
700 _aSugar, Ronald
942 _2lcc
942 _cBK
942 _kHD 30.27
942 _m.S56 2009
999 _c22242
_d22242